Los emigrantes del siglo : (Registro nro. 8212)

Detalles MARC
000 -LIDER
fixed length control field 00858nam a2200277 a 4500
001 - NÚMERO DE CONTROL
Identificador de número de control 000011067
003 - IDENTIFICACDOR DE NÚMERO DE CONTROL
control field DO-SdBNP
005 - DATE AND TIME OF LATEST TRANSACTION
control field 20220217094625.0
007 - CAMPOS FIJOS DE DESCRIPCIÓN FÍSICA
fixed length control field 000011067
008 - ELEMENTOS DE LONGITUD FIJA
fixed length control field 091014s2006 dr 000 p spa d
020 ## - ISBN
Canceled/invalid ISBN 99945427032
040 ## - FUENTE DE CATALOGACIÓN
Agencia que crea de manera original el registro BPMSU
Idioma de catalogación spa
Agencia que realiza la transcripción BPMSU
082 ## - NÚMERO DE CLASIFICACIÓN DECIMAL DE DEWEY
Classification number RD861.44
Item number R621e 2006
Edition number 22
100 1# - ASIENTO PRINCIPAL -- NOMBRE PERSONAL
Nombre personal Rivera, Héctor,
Fechas asociadas con el nombre 1957-
245 14 - MENCIÓN DE TITULO
Título Los emigrantes del siglo :
Subtítulo obra poética /
Mención de responsabilidad Héctor Rivera.
260 0# - PUBLICACIÓN, DISTRIBUCIÓN, ETC. (PIE DE IMPRENTA)
Lugar de publicación, distribución, etc Santo Domingo :
Nombre del editor, distribuidor, etc. Secretaría de Estado de Cultura,
Fecha de publicación, distribución, etc 2006.
300 ## - DESCRIPCIÓN FÍSICA
Extensión 235 p. ;
Dimensiones 24 cm.
490 0# - MENCIÓN DE SERIES
Mención de serie Ultramar
500 ## - NOTA GENERAL
Nota general Incluye datos biográficos del autor en la solapa de la cubierta.
590 ## - NOTA LOCAL
Enlace <br/>Inventariado, 2022/VM
650 #4 - ENCABEZAMIENTO DE MATERIA--TEMÁTICO
Término temático o nombre geográfico como elemento de entrada Poesía dominicana
650 #4 - ENCABEZAMIENTO DE MATERIA--TEMÁTICO
Término temático o nombre geográfico como elemento de entrada Literatura dominicana
830 #0 - ASIENTO SECUNDARIO DE SERIE--TÍTULO UNIFORME
Título uniforme Ultramar
910 ## - VALIDACIÓN
Validación VMateo V./ Validado. Control de calidad MFF
942 ## - ADDED ENTRY ELEMENTS (KOHA)
Source of classification or shelving scheme Dewey Decimal Classification
Koha item type Libros
Existencias
Withdrawn status Lost status Source of classification or shelving scheme Damaged status Not for loan Collection code Home library Current library Date acquired Full call number Barcode Date last seen Price effective from Koha item type
    Dewey Decimal Classification     Colección Dominicana Biblioteca Pública Metropolitana Salomé Ureña Biblioteca Pública Metropolitana Salomé Ureña 08/24/2015 BPMSU CD RD861.44 R621e 2006 BPMSU15080448 08/24/2015 08/24/2015 Libros